000 00710nam a2200265Ia 4500
005 20260302114534.0
008 008 260114s9999 xx 000 0 eng d
020 _a9781501305030
037 _aTextbook
040 _aCRL
040 _beng
040 _cCRL
041 _2eng
041 _aeng
084 _qCRL
100 _aStewart Goetz
_9971286
245 2 _aA Philosophical Walking Tour with C. S. Lewis Why it Did Not Include Rome
260 _bBloomsbury
260 _bBloomsbury Academic
260 _c2014
650 _aPhilosophy
856 _uhttps://dx.doi.org/10.5040/9781501305030?locatt=label:secondary_bloomsburyCollections
942 _cEBOOK
999 _c1682923
_d1682923